=LDR 00000nam 2200000 4500 =001 INLIS000000000018156 =005 20230306022504 =035 ##$$a 0010-061300000018156 =008 230306################g##########0#ind## =041 ##$$a Ind =082 ##$$a 342.06 =090 ##$$a 342.06, Ind u =100 ##$$a Indroharto =245 1#$$a Usaha Memahami Undang-Undang Tentang Peradilanan Tata Usaha Negara : $b Buku I /$c Indroharto, SH =260 ##$$a Jakarta :$b Pustaka Sinar Harapan,$c 2004 =300 ##$$a ...jil, 21 cm ; $c 21 x 15 cm. =650 #4$$a Hukum Tata Usaha Negara =850 ##$$a NBPNMAT =020 ##$$a 979-416-220-5 =084 ##$$a 342.06 IND u =250 ##$$a cet.9 Edisi Baru =990 ##$$a 20604336 =990 ##$$a 20604337 =990 ##$$a 20604338 =990 ##$$a 20604339 =990 ##$$a 1200001394 =990 ##$$a 14610 =990 ##$$a 00091527